Készletnyilvántartás - gazdálkodás menedzsment a Kingspan Kft.-nél

Bibliographic Details
Main Author: Petrányi Krisztina
Other Authors: Zatykó Zsuzsanna
Format: Thesis
Kulcsszavak:készlet
árkülönbözet
átértékelés
Online Access:http://dolgozattar.uni-bge.hu/19677

MARC

LEADER 00000nta a2200000 i 4500
001 dolg19677
005 20181215092929.0
008 181215suuuu hu om 000 hun d
040 |a BGE Dolgozattár Repozitórium  |b hun 
041 |a hu 
100 1 |a Petrányi Krisztina 
245 1 0 |a Készletnyilvántartás - gazdálkodás menedzsment a Kingspan Kft.-nél  |c Petrányi Krisztina  |h [elektronikus dokumentum] 
246 1 1 |a Készletnyilvántartás - gazdálkodás menedzsment a Kingspan Kft.-nél 
695 |a készlet 
695 |a árkülönbözet 
695 |a átértékelés 
700 1 |a Zatykó Zsuzsanna  |e ths 
856 4 0 |u http://dolgozattar.uni-bge.hu/19677/1/Szakdolgozat.pdf  |z Dokumentum-elérés 
856 4 0 |u http://dolgozattar.uni-bge.hu/19677/2/Titkos%C3%ADt%C3%A1si%20k%C3%A9relem.pdf  |z Dokumentum-elérés